[Event "Ricany op"]
[Site "Ricany"]
[Date "2020.08.22"]
[Round "1"]
[White "Reljic, Michael"]
[Black "Kuhnmund, Ivan"]
[Result "1-0"]
[WhiteElo "1957"]
[BlackElo "1682"]
[PlyCount "56"]
[EventDate "2020.08.22"]
[EventType "swiss"]
[EventRounds "9"]
[EventCountry "CZE"]
[SourceTitle "CBM 198 Extra"]
[Source "ChessBase"]
[SourceDate "2020.11.30"]
[SourceVersion "1"]
[SourceVersionDate "2020.11.30"]
[SourceQuality "1"]

1. e4 c5 2. Nf3 a6 3. c3 d5 4. exd5 Nf6 5. d4 e6 6. dxe6 Bxe6 7. Be2 Nc6 8. 0-0 Qc7 9. dxc5 Bxc5 10. Be3 Bxe3 11. fxe3 0-0 12. Nd4 Rfe8 13. Bf3 Rad8 14. Nd2 Bd5 15. Rc1 Ne4 16. Bxe4 Bxe4 17. Nxe4 Rxe4 18. Qf3 Rh4 19. b3 Ne5 20. Qg3 Rh6 21. Rfd1 Rg6 22. Qf4 Rf6 23. Qe4 Re8 24. Qc2 Qc8 25. e4 Rg6 26. Kh1 Qd8 27. Nf5 Qg5 28. Rf1 Rge6 1-0

[Event "Ricany op-A"]
[Site "Ricany"]
[Date "2019.08.30"]
[Round "8"]
[White "Kalvach, Ladislav"]
[Black "Kuhnmund, Ivan"]
[Result "1/2-1/2"]
[WhiteElo "1784"]
[BlackElo "1631"]
[PlyCount "44"]
[EventDate "2019.08.24"]
[EventType "swiss"]
[EventRounds "9"]
[EventCountry "CZE"]
[SourceTitle "EXT 2020"]
[Source "ChessBase"]
[SourceDate "2019.10.17"]
[SourceVersion "1"]
[SourceVersionDate "2019.10.17"]
[SourceQuality "1"]

1. e4 c5 2. Ne2 a6 3. c3 e5 4. d4 cxd4 5. cxd4 exd4 6. Nxd4 Nc6 7. Nxc6 bxc6 8. Bc4 Nf6 9. 0-0 d6 10. Qb3 d5 11. exd5 cxd5 12. Re1+ Be7 13. Bd3 0-0 14. Bg5 Be6 15. Nd2 Rb8 16. Qc2 h6 17. Bh4 Bd6 18. Nb3 Bxh2+ 19. Kh1 g5 20. Kxh2 gxh4 21. Qd2 Qd6+ 22. f4 Rb4 1/2-1/2

[Event "Ricany op-A"]
[Site "Ricany"]
[Date "2019.08.25"]
[Round "3"]
[White "Kuhnmund, Ivan"]
[Black "Cermak, Jan1111"]
[Result "0-1"]
[WhiteElo "1631"]
[BlackElo "1912"]
[PlyCount "108"]
[EventDate "2019.08.24"]
[EventType "swiss"]
[EventRounds "9"]
[EventCountry "CZE"]
[SourceTitle "EXT 2020"]
[Source "ChessBase"]
[SourceDate "2019.10.17"]
[SourceVersion "1"]
[SourceVersionDate "2019.10.17"]
[SourceQuality "1"]

1. e4 e5 2. f4 exf4 3. Bc4 d5 4. Bxd5 Nf6 5. Nc3 Bg4 6. Nf3 Nxd5 7. Nxd5 g5 8. d4 Bg7 9. c3 c6 10. Nb4 Qe7 11. Qe2 Bxd4 12. cxd4 Qxb4+ 13. Bd2 Qxb2 14. 0-0 Bxf3 15. gxf3 Qxd4+ 16. Kh1 Nd7 17. Rac1 f6 18. Rc4 Qe5 19. Rb1 Nb6 20. Bc3 Qe6 21. Rd4 0-0 22. Rbd1 Rae8 23. a4 Nd5 24. Bb2 f5 25. Qg2 fxe4 26. Qxg5+ Qg6 27. Rxd5 e3 28. Qxg6+ hxg6 29. Rd7 Rf7 30. Rxf7 Kxf7 31. Kg2 Ke6 32. a5 b6 33. a6 c5 34. Bc3 b5 35. Bg7 Rg8 36. Bb2 b4 37. h4 Rc8 38. Kf1 Rc6 39. Ra1 Kd5 40. Bg7 b3 41. Bh6 Rf6 42. Bg5 Rf7 43. Ke2 c4 44. Bd8 Kc5 45. Ba5 Rf5 46. Bc3 Kc6 47. Bd4 Rf7 48. Bc3 Rd7 49. Rg1 Rd6 50. Ra1 Rd3 51. Be5 Rd2+ 52. Ke1 Rg2 53. Bf6 Rh2 54. Rb1 Rh1+ 0-1

[Event "Ricany op-A"]
[Site "Ricany"]
[Date "2017.08.29"]
[Round "5"]
[White "Vit, Zdenek"]
[Black "Kuhnmund, Ivan"]
[Result "1/2-1/2"]
[WhiteElo "1775"]
[BlackElo "1640"]
[PlyCount "75"]
[EventDate "2017.08.26"]
[EventType "swiss"]
[EventRounds "9"]
[EventCountry "CZE"]
[SourceTitle "CBM 180 Extra"]
[Source "ChessBase"]
[SourceDate "2017.10.06"]
[SourceVersion "1"]
[SourceVersionDate "2017.10.06"]
[SourceQuality "1"]

1. e4 c5 2. Nc3 a6 3. Nf3 e6 4. d4 cxd4 5. Nxd4 Qc7 6. Bd3 Nf6 7. 0-0 d6 8. Kh1 Nbd7 9. Bg5 h6 10. Bh4 e5 11. Nb3 g5 12. Bg3 h5 13. f3 b5 14. Nd5 Nxd5 15. exd5 Nb6 16. Re1 Be7 17. Bf2 0-0 18. h3 f5 19. c3 h4 20. f4 g4 21. fxe5 dxe5 22. Bxb6 Qxb6 23. Rxe5 Bd6 24. Re6 Bxe6 25. dxe6 gxh3 26. Qf3 hxg2+ 27. Kxg2 Ra7 28. Kf1 Rg7 29. Nd4 Rg3 30. Qh5 Qb7 31. Bxf5 Qg2+ 32. Ke1 Re3+ 33. Kd1 Qf1+ 34. Kc2 Qg2+ 35. Kb3 Qd5+ 36. Kc2 Qg2+ 37. Kb3 Qd5+ 38. Kc2 1/2-1/2

[Event "Ricany op-A"]
[Site "Ricany"]
[Date "2017.08.27"]
[Round "3"]
[White "Pokorny, Jan1111"]
[Black "Kuhnmund, Ivan"]
[Result "1/2-1/2"]
[WhiteElo "1889"]
[BlackElo "1640"]
[PlyCount "96"]
[EventDate "2017.08.26"]
[EventType "swiss"]
[EventRounds "9"]
[EventCountry "CZE"]
[SourceTitle "CBM 180 Extra"]
[Source "ChessBase"]
[SourceDate "2017.10.06"]
[SourceVersion "1"]
[SourceVersionDate "2017.10.06"]
[SourceQuality "1"]

1. c4 c6 2. b3 e5 3. Bb2 Nf6 4. Bxe5 Bc5 5. e3 Qe7 6. Nf3 d6 7. Bd4 Bg4 8. Bxc5 dxc5 9. Be2 Nbd7 10. Nc3 Rd8 11. h3 Bh5 12. 0-0 0-0 13. Nh2 Bg6 14. f4 Be4 15. d3 Nb8 16. Nxe4 Nxe4 17. Rf3 Nc3 18. Qc2 Nxe2+ 19. Qxe2 f5 20. Rff1 Rfe8 21. Rfe1 Rd6 22. Rad1 Re6 23. Nf1 Nd7 24. d4 Nf6 25. d5 Rd6 26. dxc6 Rxc6 27. Qd3 Ne4 28. Qd5+ Qe6 29. Qxe6+ Rcxe6 30. Rd7 R8e7 31. Red1 Kf7 32. Rxe7+ Kxe7 33. Rd5 g6 34. g4 Kf6 35. gxf5 gxf5 36. Rd7 Re7 37. Rxe7 Kxe7 38. Kg2 Kf6 39. Kf3 a6 40. Ng3 Nc3 41. e4 Nxa2 42. Nxf5 Nc1 43. Nd6 Nxb3 44. e5+ Ke6 45. Ke4 Nd2+ 46. Kd3 Nb3 47. Nxb7 a5 48. Nd6 a4 1/2-1/2